Trends and Issues in Contemporary Arab Thought (Record no. 12235)

MARC details
000 -LEADER
fixed length control field 00700nam a2200253 a 4500
020 ## - INTERNATIONAL STANDARD BOOK NUMBER
ISBN 0791444
082 00 - DEWEY DECIMAL CLASSIFICATION NUMBER
Classification number 909.0974927
Author Cutter BOU
100 ## - MAIN ENTRY--AUTHOR NAME
Author name Boullata, Issa J
245 ## - TITLE STATEMENT
Title Trends and Issues in Contemporary Arab Thought
260 ## - PUBLICATION, DISTRIBUTION, ETC. (IMPRINT)
Place of publication Albany
Name of publisher State University of New York
Year of publication 1990
300 ## - PHYSICAL DESCRIPTION
Number of Pages 217p
500 ## - GENERAL NOTE
General note includes index and biblioraphy
505 2# - FORMATTED CONTENTS NOTE
Formatted contents note Notes, Bibliography, Index
650 ## - SUBJECT ADDED ENTRY--TOPICAL TERM
Topical Term Arab Countries-Intellectual Life
650 ## - SUBJECT ADDED ENTRY--TOPICAL TERM
Topical Term Civilization-Arab
942 ## - ADDED ENTRY ELEMENTS (KOHA)
Koha item type Books
700 1# -
-- Boullata, Issa J
Holdings
Collection code Home library Current library Date acquired Cost, normal purchase price Full call number Accession Number Koha item type
  Henry Martyn Institute Library Henry Martyn Institute Library 06/05/2007 1394.00 909.0974927 BOU 018494 Books
                   Copyright © 2026 | Henry Martyn Institute | Hyderabad | TS-500052 | INDIA | Implemented by hmi.edu.in
Hit-Count:

Powered by Koha